000 00263nam a2200109Ia 4500
008 190216s9999||||xx |||||||||||||| ||und||
100 _aBeacham R H S
245 0 _aCommercial Accounting
260 _bUniversity Of London Press
_c1964
300 _a445p
942 _cBK
999 _c4429
_d4429